| 000 | 00377nam a2200145Ia 4500 | ||
|---|---|---|---|
| 008 | 230312s9999||||xx |||||||||||||| ||und|| | ||
| 020 | _a812390424x | ||
| 082 |
_a612 _bGUP-H |
||
| 100 | _aGupta ,Ashok | ||
| 245 | 0 | _aHand book of Health education and community pharmacy | |
| 260 |
_bCBS publisher _c2007 |
||
| 546 | _aEng. | ||
| 650 |
_aMedical _vForensic medicine |
||
| 942 | _cBK | ||
| 999 |
_c3927 _d3927 |
||